|
|
|
|
| LEADER |
00000cam a2200000 a 4500 |
| 001 |
vtls010633061 |
| 003 |
SK-MaSNL |
| 005 |
20260302020232.0 |
| 008 |
180601s2014 xo oda f n 100 0 eng |
| 015 |
|
|
|a SNBA2014/11
|
| 020 |
|
|
|a 9788055408552
|q (brož.)
|
| 035 |
|
|
|a 7198069B-7367-40DC-BE11-2127433BFFB3
|
| 035 |
|
|
|a urn:nbn:sk:snk-am3h6gv
|
| 035 |
|
|
|a urn:nbn:sk:snk-am0088hx
|
| 040 |
|
|
|a SNK
|b slo
|c SNK
|e AACR2
|
| 041 |
0 |
|
|a eng
|
| 044 |
|
|
|a xo
|c SK
|
| 072 |
|
7 |
|a 532
|x Mechanika tekutín všeobecne. Mechanika kvapalín
|2 konspekt
|
| 072 |
|
7 |
|a 620.9
|x Energetika
|2 konspekt
|
| 080 |
|
|
|a 532
|2 2001
|
| 080 |
|
|
|a (062.534)
|2 2001
|
| 080 |
|
|
|a 620.9
|2 2001
|
| 080 |
|
|
|a 519.6
|2 2001
|
| 111 |
2 |
|
|a The Applications of Experimental and Numerical Methods in Fluid Mechanics and Energetics
|n (19. :
|d 2014 :
|c Liptovský Ján, Slovensko)
|9 662930
|
| 245 |
1 |
4 |
|a The Applications of Experimental and Numerical Methods in Fluid Mechanics and Energetics 2014
|b [XIX. International scientific conference] : proceedings of the International conference : 09.04.-11.04.2014, Liptovský Ján, Slovakia
|c edited by Richard Lenhard, Katarína Kaduchová
|
| 250 |
|
|
|a 1st. ed.
|
| 260 |
|
|
|a Žilina
|b University of Žilina, Faculty of Mechanical Engineering
|c 2014
|
| 300 |
|
|
|a 288 s.
|b fotogr., grafy, ilustr., tab.
|c 30 cm
|
| 366 |
|
|
|e 90 výt.
|
| 504 |
|
|
|a Bibliogr. odkazy
|
| 650 |
0 |
7 |
|a mechanika tekutín
|2 SNKPH
|9 3673
|
| 650 |
0 |
7 |
|a energetika
|2 SNKPH
|9 3680
|
| 650 |
0 |
7 |
|a Fluid mechanics
|2 SNKPHeng
|9 318017
|
| 650 |
0 |
7 |
|a Energy industries
|2 SNKPHeng
|9 326574
|
| 650 |
0 |
7 |
|a numerické metódy
|2 SNKPH
|9 3947
|
| 650 |
0 |
7 |
|a Numerical methods
|2 SNKPHeng
|9 327376
|
| 650 |
0 |
7 |
|a experimentálne metódy
|2 SNKPH
|9 51081
|
| 655 |
|
7 |
|a zborníky konferencií
|2 SNKPH
|9 70153
|
| 655 |
|
7 |
|a Proceedings of conferences
|2 SNKPHeng
|9 265791
|
| 700 |
1 |
|
|a Lenhard, Richard,
|d 1980-
|4 edt
|9 154470
|
| 700 |
1 |
|
|a Kaduchová, Katarína
|4 edt
|9 154475
|
| 919 |
|
|
|a 978-80-554-0855-2
|
| 958 |
|
|
|a NB
|
| 999 |
|
|
|c 1024348
|d 1026278
|
| 952 |
|
|
|a SNK
|b SNK
|y PREZ
|7 0
|p 17A1119091
|o snkSB 87323
|i snk2014/24047
|8 0
|0 0
|1 0
|4 0
|d 2014-11-04
|f 1
|l 0
|r 2025-05-12 00:00:00
|w 2026-02-24
|
| 952 |
|
|
|a SNK
|b SNK
|y VYP
|7 0
|p 17A1119092
|o snkSB 87323 D1
|i snk2014/24048
|8 0
|0 0
|1 0
|4 0
|d 2014-11-04
|l 0
|r 2016-06-30 00:00:00
|w 2026-02-24
|